000 00358nam a2200169Ia 4500
100 _aPratap/Rudra
650 _aMatlab
942 _cBK
366 _f20
654 _amatlab 7
245 _aGetting started with Matlab 7
260 _bOxford university press
_c2006
082 _a005.131/PRA
_bPRA
300 _a244
546 _aENGLISH
999 _c32763
_d32763